000 00374nam a2200145Ia 4500
008 150201s2013 xx 000 0 und d
082 _a611
_bH13C
100 _aCHAURASIA, B.D.
245 _aHUMAN ANATOMY : REGIONAL & APPLIED DISSECTION AND CLINICAL-1
250 _a6TH
260 _bCBS
_aDELHI
_c2013
300 _a1-311
650 _aHUMAN ANATOMY
942 _2ddc
_cBK
_014
999 _c1586
_d1586